|
|
|
|
| LEADER |
01200nam a2200253 a 4500 |
| 001 |
8443472 |
| 008 |
090804s2001 bg b 000 0 eng d |
| 010 |
|
|
|a sa 63000077
|
| 020 |
|
|
|a 9845601243
|
| 040 |
|
|
|a DLC
|c MiRochOU
|d OCoLC
|d DLC
|
| 082 |
0 |
0 |
|a 954/.14
|2 21
|
| 100 |
1 |
|
|a Karim, Abdul.
|
| 245 |
1 |
0 |
|a Social history of the Muslims in Bengal, down to A. D. 1538. /
|c Abdul Karim.
|
| 260 |
|
|
|a Dacca,
|b Jatiya Grantha Prakashan,
|c 2001.
|
| 300 |
|
|
|a 247 p. :
|c 22 cm.
|
| 500 |
|
|
|a Thesis--University of Dacca.
|
| 504 |
|
|
|a Bibliography: p. 241-247.
|
| 541 |
1 |
|
|e 00008406
|
| 650 |
|
0 |
|a Muslims
|z Bengal
|x History.
|
| 852 |
4 |
|
|a Ayesha Abed Library
|j General shelf
|
| 999 |
|
|
|c 3076
|d 3076
|
| 952 |
|
|
|0 0
|1 4
|2 ddc
|4 0
|6 954_140000000000000_KAR
|7 0
|9 2789
|a BRACUL
|b BRACUL
|c GEN
|d 2009-08-30
|g 0.00
|l 0
|o 954.14 KAR
|p 3010008406
|r 2009-08-30
|t 1
|w 2009-08-30
|y BK
|x No price found in the accession register.
|
| 952 |
|
|
|0 0
|1 0
|2 ddc
|4 0
|6 954_140000000000000_KAR
|7 0
|9 23043
|a BRACUL
|b BRACUL
|c GEN
|d 2013-07-30
|l 3
|m 11
|o 954.14 KAR
|p 3010008803
|r 2025-05-14
|s 2025-02-27
|t 2
|w 2013-07-30
|y BK
|
| 952 |
|
|
|0 0
|1 0
|2 ddc
|4 0
|6 954_140000000000000_KAR
|7 0
|9 44516
|a BRACUL
|b BRACUL
|c GEN
|d 2014-12-22
|l 0
|o 954.14 KAR
|p 3010008405
|r 2014-12-22
|t 3
|w 2014-12-22
|y BK
|